000 00815cam a22002653a 4500
001 23773
003 PGUSA
005 20140828083516.0
008 071208s2007||||xxu|||||s|||||000 1 eng d
040 _aPGUSA
_beng
042 _adc
050 4 _aPZ
100 1 _aOptic, Oliver,
_d1822-1897
245 1 4 _aThe Coming Wave :
_bOr, The Hidden Treasure of High Rock
_h[electronic resource] /
_cOliver Optic
260 _bProject Gutenberg,
_c2007
506 _aPublic domain in the USA.
516 _aElectronic text
653 _aTreasure troves -- Juvenile fiction
653 _aShips -- Juvenile fiction
653 _aConduct of life -- Juvenile fiction
653 _aShipwrecks -- Juvenile fiction
830 0 _aProject Gutenberg
_v23773
856 4 0 _uhttp://www.gutenberg.org/ebooks/23773
942 _cEB
999 _c253028
_d253028